Most Visited Countries in Europe - Statistics

General Stats
  • This quiz has been taken 949 times
  • The average score is 9 of 10
Answer Stats
Tourists Country % Correct
83.7 Million France
100%
32.6 Million United Kingdom
100%
48.6 Million Italy
99%
65 Million Spain
99%
33 Million Germany
96%
22 Million Greece
94%
29.8 Million Russia
94%
16 Million Poland
89%
25.2 Million Austria
84%
39.8 Million Turkey
78%
No matching quizzes found
Score Distribution
Percent of People with Each Score
Percentile by Number Answered
Your Score History
You have not taken this quiz